[Event "4NCL Northern League Crewe"]
[Site ", "]
[Date "2011.03.26"]
[Round "7"]
[White "Woolley, Jos"]
[Black "Hague, Ben"]
[Result "0-1"]
[WhiteElo "2099"]
[BlackElo "2301"]
[PlyCount "82"]
[EventDate "2011.??.??"]

1. e4 Nc6 2. Nf3 Nf6 3. e5 Nd5 4. d4 d6 5. c4 Nb6 6. e6 fxe6 7. Nc3 g6 8. h4
Bg7 9. h5 e5 10. d5 Nd4 11. Nxd4 exd4 12. Nb5 e5 13. dxe6 Bxe6 14. Nxd4 Bf7 15.
hxg6 hxg6 16. Rxh8+ Bxh8 17. Be3 Qh4 18. g3 Qe4 19. Bd3 Qe7 20. Qg4 Nxc4 21.
Bxc4 Bxc4 22. Qxg6+ Bf7 23. Qg4 c5 24. Nf5 Qe6 25. Qa4+ Kf8 26. Qf4 Bxb2 27.
Rb1 Bc3+ 28. Kf1 Qc4+ 29. Kg1 Qxf4 30. Bxf4 Be5 31. Bh6+ Kg8 32. Rxb7 Bxa2 33.
g4 Be6 34. Ne7+ Kh7 35. g5 a5 36. Nc6+ Kg6 37. Ne7+ Kh5 38. f4 Bxf4 39. Rb2 a4
40. Bg7 a3 41. Re2 Be5 0-1

[Event "4NCL Northern League Crewe"]
[Site ", "]
[Date "2011.03.26"]
[Round "7"]
[White "Patrick, David A"]
[Black "Anderson, Paul W"]
[Result "1-0"]
[WhiteElo "1961"]
[BlackElo "1834"]
[PlyCount "151"]
[EventDate "2011.??.??"]

1. e4 e5 2. Nf3 Nf6 3. Nxe5 d6 4. Nf3 Nxe4 5. d4 d5 6. Bd3 Nc6 7. c3 Bg4 8. O-O
Bd6 9. Re1 f5 10. Nbd2 Qd7 11. Qa4 O-O 12. c4 Ne5 13. Qxd7 Nxd7 14. cxd5 Nef6
15. h3 Bxf3 16. Nxf3 Nxd5 17. Bd2 Rae8 18. Rxe8 Rxe8 19. Bxf5 N7b6 20. Re1
Rxe1+ 21. Bxe1 Kf7 22. Bb1 g6 23. a3 Kf6 24. g3 c6 25. Bd2 Nc4 26. Bg5+ Kg7 27.
Bc1 b5 28. Ng5 b4 29. Ba2 Na5 30. axb4 Nxb4 31. Ne6+ Kf7 32. Ng5+ Kg7 33. Be6
Nb7 34. Bc8 Nd8 35. Bd2 Nd5 36. Ba5 Bc7 37. Bd2 Bb6 38. Nf3 c5 39. dxc5 Bxc5
40. Ne5 Bd4 41. Nc4 Nb6 42. Nxb6 axb6 43. Bc3 Bxc3 44. bxc3 Kf6 45. Kf1 Ke5 46.
Ke2 Nc6 47. Kd3 Nd8 48. f4+ Kd6 49. Kc4 Nc6 50. Bg4 Ne7 51. Kb5 Nd5 52. c4 Ne3
53. Bf3 Kc7 54. g4 Nc2 55. Bd5 Ne3 56. Bg8 h5 57. Bf7 hxg4 58. hxg4 Nxg4 59.
Bxg6 Nf6 60. Bf7 Ne4 61. Be6 Nf6 62. f5 Ne4 63. Bd5 Nf6 64. Ba8 Ne8 65. c5 bxc5
66. Kxc5 Kd8 67. Bc6 Nf6 68. Kd6 Nh7 69. Ke6 Ng5+ 70. Kf6 Nh7+ 71. Kg6 Nf8+ 72.
Kg7 Ke7 73. f6+ Ke6 74. Ba4 Ke5 75. Bb3 Nd7 76. f7 1-0

[Event "4NCL Northern League Crewe"]
[Site ", "]
[Date "2011.03.26"]
[Round "7"]
[White "Turner, John M"]
[Black "Ackley, Peter J E"]
[Result "1/2-1/2"]
[WhiteElo "2071"]
[BlackElo "2024"]
[PlyCount "51"]
[EventDate "2011.??.??"]

1. e4 Nc6 2. Nc3 e6 3. d4 d5 4. Bb5 a6 5. Bxc6+ bxc6 6. Nf3 Nf6 7. Bg5 Be7 8.
e5 Nd7 9. Bxe7 Qxe7 10. O-O a5 11. Re1 Ba6 12. Qd2 O-O 13. Ne2 Bxe2 14. Qxe2 c5
15. c4 c6 16. Rac1 Rfc8 17. Qe3 cxd4 18. Nxd4 Nb6 19. cxd5 Nxd5 20. Qb3 c5 21.
Nb5 a4 22. Qc4 Qg5 23. g3 Qd2 24. Re2 Qb4 25. Nd6 Qxc4 26. Rxc4 1/2-1/2

[Event "4NCL Northern League Crewe"]
[Site ", "]
[Date "2011.03.26"]
[Round "7"]
[White "Cowan, Richard M"]
[Black "Bak, Andrew"]
[Result "0-1"]
[WhiteElo "1897"]
[BlackElo "1946"]
[PlyCount "72"]
[EventDate "2011.??.??"]

1. Nf3 Nf6 2. c4 c5 3. g3 g6 4. b3 Bg7 5. Bb2 O-O 6. Bg2 d5 7. cxd5 Nxd5 8.
Bxg7 Kxg7 9. O-O Nc6 10. Na3 e5 11. Rc1 b6 12. Rc4 Be6 13. Qa1 f6 14. e3 Ndb4
15. Rc3 Rc8 16. Rd1 Nd3 17. Ne1 Ncb4 18. Nac2 Nxc2 19. Rxc2 Nxe1 20. Rxe1 Bf5
21. d3 Qxd3 22. Rc3 Qd6 23. Rd1 Qe7 24. Bd5 e4 25. a4 Bg4 26. Rdc1 Rcd8 27. Bc4
Rd2 28. a5 Rfd8 29. Bf1 Qd7 30. axb6 axb6 31. b4 Qf5 32. f4 exf3 33. bxc5 f2+
34. Kh1 Bf3+ 35. Bg2 Bxg2+ 36. Kxg2 f1=Q# 0-1

[Event "4NCL Northern League Crewe"]
[Site ", "]
[Date "2011.03.26"]
[Round "7"]
[White "Hackner, Oskar A"]
[Black "Edwards, Simon R"]
[Result "1-0"]
[WhiteElo "1778"]
[BlackElo "2007"]
[PlyCount "61"]
[EventDate "2011.??.??"]

1. d4 d5 2. c4 c6 3. Nc3 Nf6 4. Bg5 e6 5. cxd5 exd5 6. e3 Bb4 7. Qc2 h6 8. Bh4
g5 9. Bg3 Ne4 10. Bd3 Bf5 11. a3 Bxc3+ 12. bxc3 Qa5 13. Ne2 Nd7 14. O-O h5 15.
f3 Nxg3 16. Nxg3 Bxd3 17. Qxd3 Qd8 18. e4 Nf8 19. exd5 Qxd5 20. c4 Qd7 21. d5
O-O-O 22. Qd4 Ne6 23. Qxa7 cxd5 24. cxd5 Qxd5 25. Rac1+ Nc7 26. Qa8+ Kd7 27.
Qa4+ b5 28. Qc2 Qe5 29. Rfe1 Qd4+ 30. Kh1 Qb6 31. Qf5+ 1-0

[Event "4NCL Northern League Crewe"]
[Site ", "]
[Date "2011.03.26"]
[Round "7"]
[White "Carleton, John J"]
[Black "Bennett, Patrick"]
[Result "1-0"]
[WhiteElo "2307"]
[BlackElo "2060"]
[PlyCount "61"]
[EventDate "2011.??.??"]

1. d4 Nf6 2. Bg5 e6 3. e4 h6 4. Bxf6 Qxf6 5. Nc3 d6 6. Qd2 Nd7 7. f4 g5 8. Nh3
gxf4 9. Nxf4 c6 10. Bc4 h5 11. O-O Bh6 12. e5 Qe7 13. Ne4 dxe5 14. dxe5 O-O 15.
Qe2 Qh4 16. Nxh5 Kh8 17. Nef6 Qd4+ 18. Kh1 Nxe5 19. Bb3 Ng6 20. c3 Qc5 21. Qc2
a5 22. Rae1 Qg5 23. Bc4 b6 24. Ng3 Ra7 25. Nge4 Qe5 26. Rd1 Kg7 27. Rf3 Rh8 28.
Ng4 Qc7 29. Nd6 f5 30. Nxh6 Rxh6 31. Ne8+ 1-0

[Event "4NCL Northern League Crewe"]
[Site ", "]
[Date "2011.03.26"]
[Round "7"]
[White "Bennion, David"]
[Black "Mort, Andrew J"]
[Result "0-1"]
[WhiteElo "2015"]
[BlackElo "1914"]
[PlyCount "66"]
[EventDate "2011.??.??"]

1. e4 c6 2. d4 d5 3. Nc3 dxe4 4. Nxe4 Nf6 5. Nxf6+ gxf6 6. Nf3 Bf5 7. Bc4 e6 8.
Nh4 Bg6 9. O-O Nd7 10. Re1 Qc7 11. Qg4 O-O-O 12. Be3 Bd6 13. Nxg6 hxg6 14. h3
f5 15. Qf3 f4 16. Bd2 g5 17. Bc3 Rh4 18. b4 Nb6 19. Bb3 g4 20. hxg4 Rg8 21.
Rxe6 Rgh8 22. g3 Rh1+ 23. Qxh1 Rxh1+ 24. Kxh1 fxe6 25. Bxe6+ Kb8 26. Kg2 fxg3
27. Rh1 a6 28. Rh8+ Ka7 29. Bf5 Qf7 30. Rd8 Bc7 31. Rh8 Qd5+ 32. Kg1 Qf3 33.
Be1 Nd5 0-1

[Event "4NCL Northern League Crewe"]
[Site ", "]
[Date "2011.03.26"]
[Round "7"]
[White "Robertson, David J"]
[Black "Clark, Robert"]
[Result "1/2-1/2"]
[WhiteElo "1885"]
[BlackElo "2035"]
[PlyCount "87"]
[EventDate "2011.??.??"]

1. e4 e6 2. d4 d5 3. Nd2 Nf6 4. e5 Nfd7 5. Bd3 c5 6. c3 Nc6 7. Ne2 cxd4 8. cxd4
f6 9. exf6 Nxf6 10. Nf3 Bd6 11. O-O O-O 12. Bg5 Bd7 13. Qd2 Qe7 14. Nc3 h6 15.
Bh4 Qf7 16. Bg3 Bxg3 17. hxg3 Ng4 18. Bc2 g5 19. Nh2 Nxh2 20. Kxh2 Qg7 21. Rad1
Rf6 22. Kg1 Be8 23. Rfe1 Bh5 24. f3 Raf8 25. Rf1 Qc7 26. Ne2 Qf7 27. Qe3 a6 28.
Bb1 Bg6 29. Bxg6 Qxg6 30. Qd3 Qg7 31. f4 Rg6 32. fxg5 Rxf1+ 33. Rxf1 Rxg5 34.
Rf3 Rg4 35. Rf4 h5 36. Qe3 e5 37. dxe5 Qxe5 38. Qf3 Rxf4 39. gxf4 Qf5 40. Nc3
d4 41. Qd5+ Qxd5 42. Nxd5 Kf7 43. f5 Ne7 44. Nf4 1/2-1/2

[Event "4NCL Northern League Crewe"]
[Site ", "]
[Date "2011.03.26"]
[Round "7"]
[White "Hancock, Michael L"]
[Black "Stuttard, David"]
[Result "1/2-1/2"]
[WhiteElo "2098"]
[BlackElo "1922"]
[PlyCount "96"]
[EventDate "2011.??.??"]

1. e4 e5 2. f4 Nf6 3. Nc3 Bb4 4. d3 d5 5. Bd2 Nc6 6. Nxd5 Nxd5 7. exd5 Qxd5 8.
Bxb4 Nxb4 9. a3 Bg4 10. Ne2 Nc6 11. h3 Bxe2 12. Qxe2 Nd4 13. Qf2 O-O-O 14. c3
Nb3 15. Rd1 e4 16. Qxa7 Rhe8 17. d4 e3 18. Qa8+ Kd7 19. Qa4+ Ke7 20. c4 Qe4 21.
Qxb3 Qxf4 22. Rd3 Kf8 23. Be2 Qh4+ 24. Kd1 Rxd4 25. Kc2 c5 26. Rxe3 Rde4 27. g3
Rxe3 28. gxh4 Rxb3 29. Kxb3 Rxe2 30. Rd1 Ke7 31. Rd3 b6 32. Kc3 Re4 33. b4
cxb4+ 34. Kxb4 f5 35. Kb5 f4 36. a4 Re3 37. Rd4 Rb3+ 38. Kc6 Ke6 39. Rxf4 Ke5
40. Rg4 Rb4 41. Rxg7 Rxc4+ 42. Kb5 Rxh4 43. Rg5+ Kd6 44. Rg3 Kd5 45. Kxb6 Rxa4
46. Rg5+ Kd6 47. Rh5 Rb4+ 48. Ka5 Rb7 1/2-1/2

[Event "4NCL Northern League Crewe"]
[Site ", "]
[Date "2011.03.26"]
[Round "7"]
[White "Brijmohun, Louis"]
[Black "Flint, Martina"]
[Result "1-0"]
[WhiteElo "2018"]
[BlackElo "1906"]
[PlyCount "55"]
[EventDate "2011.??.??"]

1. e4 d6 2. f4 Nf6 3. Nc3 Nbd7 4. Nf3 e5 5. Bc4 Nb6 6. Bb3 Bg4 7. d3 Qe7 8. h3
Bxf3 9. Qxf3 c6 10. O-O h6 11. a4 Nbd7 12. Ba2 Nc5 13. f5 Na6 14. Bd2 Nh7 15.
Rab1 Nb4 16. Nd5 Nxd5 17. exd5 c5 18. b4 Qc7 19. Bc4 a6 20. bxc5 dxc5 21. d6
Qc6 22. Rxb7 Qxf3 23. Bxf7+ Kd8 24. Ba5+ Kc8 25. Rc7+ Kd8 26. Re7+ Kc8 27. Be6+
Kb8 28. Rb1+ 1-0

[Event "4NCL Northern League Crewe"]
[Site ", "]
[Date "2011.03.26"]
[Round "7"]
[White "Beresford, Alan"]
[Black "Dam, Sebastian"]
[Result "1/2-1/2"]
[WhiteElo "1818"]
[BlackElo "1874"]
[PlyCount "112"]
[EventDate "2011.??.??"]

1. e4 e5 2. Nf3 Nc6 3. Bb5 f5 4. Nc3 Nf6 5. d3 Bb4 6. Bxc6 Bxc3+ 7. bxc3 dxc6
8. exf5 Qd5 9. O-O O-O 10. c4 Qd6 11. Bb2 Bxf5 12. Bxe5 Qd7 13. Nd4 Bg6 14. Nb3
b6 15. Qd2 Rae8 16. Bg3 Nh5 17. Rae1 Rxe1 18. Rxe1 Nxg3 19. hxg3 c5 20. Qc3 Re8
21. Kf1 Qf5 22. Rxe8+ Bxe8 23. Qe1 Qh5 24. Kg1 Kf8 25. Nd2 Ba4 26. Nb3 Be8 27.
f3 Qf5 28. Qe4 Qg6 29. Qxg6 Bxg6 30. Kf2 Ke7 31. Ke3 Ke6 32. Kf4 Kf6 33. g4 Be8
34. Nd2 Ba4 35. Nb3 g5+ 36. Ke3 Bc6 37. d4 cxd4+ 38. Nxd4 Ba4 39. c3 c5 40. Nb5
a6 41. Nc7 Bc2 42. Nxa6 Bb1 43. a3 Ba2 44. Kd3 Bb1+ 45. Ke3 Ba2 46. Nc7 Bxc4
47. Ke4 b5 48. Nd5+ Ke6 49. Ne3 Ba2 50. Kd3 Bb1+ 51. Ke2 Ke5 52. g3 Bg6 53. Ng2
h6 {(=)} 54. f4+ Kd5 55. Ne3+ Ke4 56. f5 Bf7 1/2-1/2

[Event "4NCL Northern League Crewe"]
[Site ", "]
[Date "2011.03.26"]
[Round "7"]
[White "Gruca, Miroslav"]
[Black "Murphy, James A"]
[Result "1-0"]
[WhiteElo "2205"]
[BlackElo "2106"]
[PlyCount "61"]
[EventDate "2011.??.??"]

1. e4 c5 2. Nc3 Nc6 3. f4 d6 4. Nf3 Nf6 5. Bb5 Qb6 6. d3 Bg4 7. O-O O-O-O 8.
Bxc6 Qxc6 9. Bd2 h5 10. Rb1 d5 11. e5 d4 12. exf6 dxc3 13. fxe7 Bxe7 14. Bxc3
f6 15. h3 Be6 16. Nh4 Rh6 17. f5 Bd5 18. Bd2 Rh7 19. Bf4 c4 20. Qd2 Be4 21. Qf2
Bc5 22. Be3 Bxe3 23. Qxe3 cxd3 24. cxd3 Rxd3 25. Qxa7 Qd6 26. Rbc1+ Kd7 27.
Qa4+ Bc6 28. Qc4 g5 29. fxg6 Rd4 30. gxh7 Rxc4 31. Rxc4 1-0

[Event "4NCL Northern League Crewe"]
[Site ", "]
[Date "2011.03.26"]
[Round "7"]
[White "Hawkins, James N H"]
[Black "Tyton, Adam"]
[Result "1/2-1/2"]
[WhiteElo "1987"]
[BlackElo "1962"]
[PlyCount "39"]
[EventDate "2011.??.??"]

1. e4 c6 2. d4 d5 3. Nc3 dxe4 4. Nxe4 Nd7 5. Nf3 Ngf6 6. Ng3 e6 7. Bd3 Bd6 8.
O-O O-O 9. Bg5 Qc7 10. c3 b6 11. Re1 Bb7 12. Qe2 c5 13. Ne5 cxd4 14. Nxd7 Nxd7
15. cxd4 Bxg3 16. hxg3 Qd6 17. Qe3 Rac8 18. a3 Rfe8 19. Bf4 Qd5 20. f3 1/2-1/2

[Event "4NCL Northern League Crewe"]
[Site ", "]
[Date "2011.03.26"]
[Round "7"]
[White "Frith, Robert J"]
[Black "Lonsdale, Jon"]
[Result "1/2-1/2"]
[WhiteElo "1938"]
[BlackElo "1826"]
[PlyCount "68"]
[EventDate "2011.??.??"]

1. d4 Nf6 2. c4 c5 3. d5 b5 4. cxb5 a6 5. b6 Qxb6 6. a4 d6 7. Nc3 g6 8. Nf3 Bg7
9. Nd2 O-O 10. e4 a5 11. Bb5 Ba6 12. O-O Ne8 13. Nc4 Qd8 14. Qe2 Nc7 15. Na3
Ra7 16. Bg5 Rb7 17. Rad1 f6 18. Bh4 Bxb5 19. Naxb5 Nxb5 20. Nxb5 Na6 21. f4 Nc7
22. Na3 Qd7 23. Qc2 Rb4 24. b3 f5 25. Nc4 Rfb8 26. Rf3 fxe4 27. Qxe4 Rxb3 28.
Rxb3 Rxb3 29. Bxe7 Bd4+ 30. Kh1 Qf5 31. Qxf5 gxf5 32. Nxa5 Ra3 33. Nc4 Rxa4 34.
Nxd6 Nxd5 1/2-1/2

[Event "4NCL Northern League Crewe"]
[Site ", "]
[Date "2011.03.26"]
[Round "7"]
[White "Wainwright, Andrew C"]
[Black "Buxton, David"]
[Result "1/2-1/2"]
[WhiteElo "1906"]
[BlackElo "2082"]
[PlyCount "104"]
[EventDate "2011.??.??"]

1. c4 Nf6 2. g3 g6 3. Bg2 Bg7 4. Nc3 e5 5. d3 c6 6. Nf3 d6 7. O-O O-O 8. Bg5 h6
9. Bd2 Bg4 10. h3 Be6 11. Kh2 Nbd7 12. Qc1 Kh7 13. Ng1 d5 14. b3 e4 15. cxd5
cxd5 16. d4 Nh5 17. e3 Qe7 18. Qb2 a6 19. Nge2 Qd6 20. Rac1 f5 21. f4 g5 22.
Rg1 Rg8 23. Nb1 Bf8 24. Qc3 gxf4 25. gxf4 Qe7 26. Qc7 b5 27. Qa5 Rg6 28. Be1
Bf7 29. Bf1 Rxg1 30. Nxg1 Qd6 31. Ne2 Be7 32. Qc7 Qxc7 33. Rxc7 Be8 34. Ng3
Nxg3 35. Kxg3 Kg7 36. Be2 Kf8 37. a3 Nf6 38. Bd2 Bd6 39. Rc1 Ra7 40. Rc8 Rg7+
41. Kf2 Rc7 42. Rxc7 Bxc7 43. Bb4+ Kf7 44. Nc3 Ke6 45. Bf8 {(=)} h5 46. Kg3 Bf7
47. a4 Nd7 48. Ba3 bxa4 49. Nxa4 a5 50. Nc5+ Nxc5 51. Bxc5 Be8 52. Ba6 Bd8
1/2-1/2

[Event "4NCL Northern League Crewe"]
[Site ", "]
[Date "2011.03.27"]
[Round "8"]
[White "Richardson, Alex"]
[Black "Woolley, Jos"]
[Result "0-1"]
[WhiteElo "2084"]
[BlackElo "2099"]
[PlyCount "56"]
[EventDate "2011.??.??"]

1. c4 e5 2. g3 c6 3. d4 Bb4+ 4. Bd2 Bxd2+ 5. Qxd2 d6 6. Nc3 Nf6 7. dxe5 dxe5 8.
Qxd8+ Kxd8 9. Nf3 Re8 10. Bg2 Re7 11. O-O Bf5 12. b4 Nbd7 13. b5 Kc7 14. Nd2
Rd8 15. bxc6 bxc6 16. Nb3 Nb6 17. Na5 e4 18. Rac1 Re5 19. Nb5+ cxb5 20. cxb5+
Kd7 21. Nc6 Rxb5 22. Nxd8 Kxd8 23. f3 e3 24. Rc3 Nfd5 25. Rd1 Rb1 26. Rxb1 Nxc3
27. Re1 Nxa2 28. Ra1 Be6 0-1

[Event "4NCL Northern League Crewe"]
[Site ", "]
[Date "2011.03.27"]
[Round "8"]
[White "Williams, Winston"]
[Black "Norris, Michael J"]
[Result "1-0"]
[WhiteElo "2220"]
[BlackElo "1994"]
[PlyCount "143"]
[EventDate "2011.??.??"]

1. f4 e5 2. fxe5 d6 3. exd6 Bxd6 4. Nf3 Nf6 5. Nc3 c5 6. e4 Ng4 7. Bb5+ Bd7 8.
Bxd7+ Qxd7 9. O-O Nc6 10. h3 Nge5 11. d3 Nxf3+ 12. Rxf3 Nd4 13. Rf1 h5 14. Ne2
Be5 15. Nxd4 Bxd4+ 16. Kh1 f6 17. Rf5 g6 18. Rd5 Qc7 19. c3 Be5 20. Qa4+ Kf8
21. Be3 Bd6 22. b4 b6 23. bxc5 bxc5 24. Qa6 Ke7 25. d4 cxd4 26. cxd4 Qb6 27.
Qxb6 axb6 28. Rb5 Ra3 29. e5 Bxe5 30. dxe5 Rxe3 31. exf6+ Kxf6 32. Rxb6+ Kg5
33. Rc1 Ra3 34. Rc5+ Kh6 35. Rcc6 Rg8 36. Ra6 Rxa6 37. Rxa6 Kg5 38. Kh2 Rc8 39.
Ra5+ Kf6 40. a3 g5 41. h4 gxh4 42. a4 Rc4 43. Kh3 Kg6 44. Ra8 Kg7 45. Ra6 Rg4
46. Kh2 Rg3 47. Rb6 Ra3 48. Rb4 h3 49. g3 Ra1 50. Kxh3 Rh1+ 51. Kg2 Ra1 52. Kf3
Kf6 53. Rb6+ Kf5 54. Rb5+ Kg6 55. a5 Ra3+ 56. Kg2 Ra2+ 57. Kh3 Ra4 58. Rb6+ Kg5
59. Ra6 h4 60. Ra8 hxg3 61. a6 Kf6 62. Kxg3 Ke7 63. a7 Ra3+ 64. Kf4 Ra4+ 65.
Ke5 Ra5+ 66. Kd4 Ra4+ 67. Kc3 Ra3+ 68. Kb2 Ra6 69. Rh8 Rb6+ 70. Kc3 Rc6+ 71.
Kd4 Rd6+ 72. Kc5 1-0

[Event "4NCL Northern League Crewe"]
[Site ", "]
[Date "2011.03.27"]
[Round "8"]
[White "Stuttard, David"]
[Black "Armstrong, Malcolm J"]
[Result "1/2-1/2"]
[WhiteElo "1922"]
[BlackElo "1957"]
[PlyCount "124"]
[EventDate "2011.??.??"]

1. e4 d5 2. exd5 Qxd5 3. d4 Nf6 4. Nc3 Qa5 5. Nf3 c6 6. Ne5 Nbd7 7. Bf4 Nxe5 8.
Bxe5 Bf5 9. Bc4 e6 10. Qe2 Be7 11. d5 cxd5 12. Bb5+ Kf8 13. O-O Rc8 14. Qe3 Ng4
15. Qd4 Nxe5 16. Qxe5 Qc7 17. Rfe1 Qxe5 18. Rxe5 Bf6 19. Rxf5 Bxc3 20. Bd7 Bxb2
21. Rb1 Rxc2 22. Bxe6 Ke7 23. Bxd5 Rhc8 24. Re1+ Kd6 25. Bb3 Rc1 26. Rd5+ Kc6
27. Rxc1+ Bxc1 28. Rh5 f6 29. Rh4 b5 30. Kf1 Re8 31. Rd4 Ba3 32. g3 Bc5 33.
Bd5+ Kb6 34. Re4 Rxe4 35. Bxe4 h6 36. Ke2 Bd4 37. f3 Kc5 38. Kd3 Bg1 39. h3 a5
40. Bg6 Bh2 41. g4 a4 42. Be8 Be5 43. Ke4 g5 44. Bd7 Bc3 45. Kd3 Ba1 46. Be8
Kb4 47. Bd7 Ka5 48. Be8 Be5 49. Bd7 Bd6 50. Be8 b4 51. Kc4 b3 52. axb3 a3 53.
b4+ Bxb4 54. Kb3 Bd6 55. Bd7 Kb6 56. Be6 Kc6 57. Kc3 Be5+ 58. Kd3 Kc5 59. Ba2
Ba1 60. Bf7 Kd6 61. Ke4 Kc5 62. Kd3 Kd6 1/2-1/2

[Event "4NCL Northern League Crewe"]
[Site ", "]
[Date "2011.03.27"]
[Round "8"]
[White "Hopwood, Paul M"]
[Black "Williamson, Roger G"]
[Result "1/2-1/2"]
[WhiteElo "2130"]
[BlackElo "2187"]
[PlyCount "52"]
[EventDate "2011.??.??"]

1. e4 e5 2. Nf3 Nc6 3. Bb5 a6 4. Ba4 Nf6 5. O-O Be7 6. Re1 b5 7. Bb3 d6 8. c3
O-O 9. h3 Na5 10. Bc2 c5 11. d4 Qc7 12. Nbd2 cxd4 13. cxd4 Bb7 14. d5 Bc8 15.
Re3 Bd7 16. Rc3 Qb8 17. b4 Nb7 18. Nb3 Rc8 19. Rxc8+ Qxc8 20. Bd3 Ne8 21. Bd2
g6 22. Na5 Nxa5 23. bxa5 f5 24. Qe2 Qd8 25. Bb4 Nf6 26. Nd2 fxe4 1/2-1/2

[Event "4NCL Northern League Crewe"]
[Site ", "]
[Date "2011.03.27"]
[Round "8"]
[White "Lang, Adam R"]
[Black "Hawkins, James N H"]
[Result "1-0"]
[WhiteElo "2050"]
[BlackElo "1987"]
[PlyCount "79"]
[EventDate "2011.??.??"]

1. e4 e5 2. Nf3 Nc6 3. Bb5 a6 4. Ba4 Nf6 5. O-O Be7 6. Re1 b5 7. Bb3 O-O 8. c3
d5 9. exd5 Nxd5 10. d4 exd4 11. Nxd4 Nxd4 12. Qxd4 Be6 13. Rd1 c6 14. Be3 Qc7
15. Bxd5 Bxd5 16. Bf4 Qb7 17. Na3 Rad8 18. Qe3 Bxa2 19. Re1 Be6 20. Nc2 c5 21.
Qg3 Bf6 22. Bd6 Bh4 23. Qf4 Bg5 24. Qe5 Bf6 25. Qxc5 Rc8 26. Bxf8 Rxc5 27. Bxc5
Qc6 28. Bd4 Be7 29. Nb4 Bxb4 30. cxb4 h6 31. Re3 Kh7 32. Rg3 g5 33. Bc3 Qd6 34.
Re3 Kg6 35. Re4 h5 36. Rd4 Qc6 37. Rd8 Kf5 38. Re1 h4 39. Re5+ Kf4 40. Rc5 1-0

[Event "4NCL Northern League Crewe"]
[Site ", "]
[Date "2011.03.27"]
[Round "8"]
[White "Edwards-Wright, Miles D"]
[Black "Hague, Ben"]
[Result "0-1"]
[WhiteElo "1946"]
[BlackElo "2301"]
[PlyCount "82"]
[EventDate "2011.??.??"]

1. g3 d5 2. Bg2 c6 3. d3 Nf6 4. a3 e5 5. Nc3 Bc5 6. Nf3 Qc7 7. e3 O-O 8. Nxe5
Qxe5 9. d4 Bxd4 10. Qxd4 Qh5 11. h3 Qg6 12. Qd2 Bf5 13. g4 Bxc2 14. f4 Qd3 15.
Bf1 Qxd2+ 16. Bxd2 Nbd7 17. Rc1 Bb3 18. Be2 Rfe8 19. g5 Ne4 20. Nxe4 Rxe4 21.
Bd3 Ree8 22. Rc3 Ba4 23. Kf2 c5 24. Bf5 b6 25. b3 Bc6 26. Rhc1 Nf8 27. b4 c4
28. e4 b5 29. exd5 Bxd5 30. Be3 a5 31. Bc5 axb4 32. axb4 g6 33. Bg4 Be4 34. Re1
Bd3 35. Rxe8 Rxe8 36. Ra3 Bf5 37. Bxf5 gxf5 38. Bxf8 Kxf8 39. Kf3 Re1 40. Kf2
Rb1 41. Ra8+ Kg7 0-1

[Event "4NCL Northern League Crewe"]
[Site ", "]
[Date "2011.03.27"]
[Round "8"]
[White "Doran, Chris"]
[Black "Beresford, Alan"]
[Result "1/2-1/2"]
[WhiteElo "2020"]
[BlackElo "1818"]
[PlyCount "46"]
[EventDate "2011.??.??"]

1. e4 c5 2. Nf3 d6 3. d4 cxd4 4. Nxd4 Nf6 5. Nc3 a6 6. Bg5 e6 7. f4 Qb6 8. Qd2
Qxb2 9. Nb3 Qa3 10. Bxf6 gxf6 11. Be2 Nc6 12. O-O Bd7 13. Bh5 Ne7 14. f5 Bg7
15. fxe6 Bxe6 16. Nd5 Bxd5 17. exd5 O-O 18. Rae1 Rae8 19. c4 b6 20. Bg4 Qa4 21.
Qd3 Ng6 22. Bf5 Rxe1 23. Rxe1 Re8 1/2-1/2

[Event "4NCL Northern League Crewe"]
[Site ", "]
[Date "2011.03.27"]
[Round "8"]
[White "Dam, Sebastian"]
[Black "Driscoll, Mike"]
[Result "1/2-1/2"]
[WhiteElo "1874"]
[BlackElo "1914"]
[PlyCount "63"]
[EventDate "2011.??.??"]

1. e4 c5 2. d4 cxd4 3. c3 d3 4. c4 d6 5. Nc3 g6 6. Bxd3 Bg7 7. Qc2 Nc6 8. Bd2
Nf6 9. Nf3 O-O 10. a3 Bg4 11. Be2 Rc8 12. O-O Bxf3 13. Bxf3 Nd4 14. Qd3 Nd7 15.
Bd1 Ne5 16. Qb1 Nxc4 17. Bf4 Nxb2 18. Qxb2 Rxc3 19. Qxb7 Ne6 20. Bd2 Rc7 21.
Qb1 Qb8 22. Qxb8 Rxb8 23. Rc1 Rxc1 24. Bxc1 Bb2 25. Be3 Bxa3 26. Bxa7 Rb1 27.
Be3 Kg7 28. Bc2 Rxf1+ 29. Kxf1 Bc5 30. Bd2 Bd4 31. g3 h5 32. f3 1/2-1/2

[Event "4NCL Northern League Crewe"]
[Site ", "]
[Date "2011.03.27"]
[Round "8"]
[White "Murphy, James A"]
[Black "Carleton, John J"]
[Result "0-1"]
[WhiteElo "2106"]
[BlackElo "2307"]
[PlyCount "32"]
[EventDate "2011.??.??"]

1. e4 Nf6 2. e5 Nd5 3. d4 d6 4. Nf3 Bg4 5. Bc4 e6 6. Qd3 Nc6 7. Bxd5 exd5 8.
Bf4 Bxf3 9. gxf3 dxe5 10. dxe5 Qd7 11. Nc3 Nb4 12. Qe2 Qf5 13. Nxd5 O-O-O 14.
Nxb4 Bxb4+ 15. c3 Qxf4 16. cxb4 Rhe8 0-1

[Event "4NCL Northern League Crewe"]
[Site ", "]
[Date "2011.03.27"]
[Round "8"]
[White "Edwards, Simon R"]
[Black "Connor, Michael I"]
[Result "1-0"]
[WhiteElo "2007"]
[BlackElo "1858"]
[PlyCount "63"]
[EventDate "2011.??.??"]

1. e4 Nf6 2. e5 Nd5 3. d4 d6 4. c4 Nb6 5. exd6 cxd6 6. Nc3 g6 7. Be3 Bg7 8. Rc1
Nc6 9. b3 O-O 10. d5 Ne5 11. Be2 f5 12. f4 Ng4 13. Bxg4 fxg4 14. Nge2 Re8 15.
O-O e5 16. dxe6 Bxe6 17. Bd4 Bxd4+ 18. Nxd4 Bf5 19. Nxf5 gxf5 20. Qd3 Qf6 21.
Nb5 Red8 22. Nd4 Rf8 23. Rfe1 Nd7 24. Nb5 Nc5 25. Qd5+ Kg7 26. Nc7 Rac8 27.
Ne6+ Nxe6 28. Rxe6 Qb2 29. Rce1 Rf7 30. Re7 Rcf8 31. Qxf5 Qxa2 32. Qxg4+ 1-0

[Event "4NCL Northern League Crewe"]
[Site ", "]
[Date "2011.03.27"]
[Round "8"]
[White "Wainwright, Andrew C"]
[Black "Turner, John M"]
[Result "1/2-1/2"]
[WhiteElo "1906"]
[BlackElo "2071"]
[PlyCount "88"]
[EventDate "2011.??.??"]

1. e4 d5 2. exd5 Qxd5 3. Nc3 Qd6 4. Nf3 Nf6 5. d3 Nc6 6. Be3 e5 7. Be2 Be7 8.
a3 a6 9. Qd2 Bf5 10. Ng5 O-O 11. Nce4 Nxe4 12. Nxe4 Qg6 13. Ng3 Bg4 14. Bxg4
Qxg4 15. f3 Qe6 16. O-O Rad8 17. Ne4 Nd4 18. Bxd4 Rxd4 19. Rfe1 Rd7 20. Qc3
Qb6+ 21. Kh1 Qd4 22. Re2 f5 23. Qxd4 exd4 24. Ng3 g6 25. Nf1 Bc5 26. Rae1 Kf7
27. Kg1 Re7 28. Rxe7+ Bxe7 29. f4 Bf6 30. Kf2 Re8 31. Rxe8 Kxe8 32. Kf3 Ke7 33.
Nd2 Ke6 34. g3 Kd5 35. h4 h5 36. Ke2 c5 37. a4 b5 38. axb5 axb5 39. b3 Be7 40.
Nf3 Bf6 41. Nd2 Bd8 42. Nf3 Bc7 43. Nd2 Bd6 44. Nf3 Bc7 1/2-1/2

[Event "4NCL Northern League Crewe"]
[Site ", "]
[Date "2011.03.27"]
[Round "8"]
[White "Tyton, Adam"]
[Black "Cowan, Richard M"]
[Result "0-1"]
[WhiteElo "1962"]
[BlackElo "1897"]
[PlyCount "74"]
[EventDate "2011.??.??"]

1. e4 c6 2. d4 d5 3. Nc3 dxe4 4. Nxe4 Bf5 5. Ng3 Bg6 6. Nf3 Nd7 7. h4 h6 8. h5
Bh7 9. Bd3 Bxd3 10. Qxd3 e6 11. Bd2 Ngf6 12. O-O-O Be7 13. Rhe1 O-O 14. Qe2 Qc7
15. Ne5 Rac8 16. Ng6 Rfe8 17. Nxe7+ Rxe7 18. Kb1 c5 19. Be3 Nd5 20. dxc5 Nxe3
21. Qxe3 Qxc5 22. Qxc5 Rxc5 23. Rd4 Nf6 24. Rh1 Rec7 25. c3 Rg5 26. Rh3 Kf8 27.
f3 Ke7 28. Kc2 Rcc5 29. Rdh4 a5 30. a3 e5 31. b4 axb4 32. axb4 Rc6 33. Kb3 Nd5
34. Ne4 Rxg2 35. c4 Nf4 36. Rh2 f5 37. Nc3 Rg3 0-1

[Event "4NCL Northern League Crewe"]
[Site ", "]
[Date "2011.03.27"]
[Round "8"]
[White "Lonsdale, Jon"]
[Black "Hackner, Oskar A"]
[Result "1/2-1/2"]
[WhiteElo "1826"]
[BlackElo "1778"]
[PlyCount "93"]
[EventDate "2011.??.??"]

1. e4 e6 2. d4 d5 3. e5 c5 4. c3 Qb6 5. a3 Nc6 6. Nf3 Nge7 7. b4 cxd4 8. cxd4
Nf5 9. Bb2 Bd7 10. g4 Nfe7 11. Nc3 h5 12. Rg1 hxg4 13. Rxg4 Rc8 14. Na4 Qd8 15.
Nc5 Rc7 16. Bd3 Nf5 17. Bxf5 exf5 18. Rg1 b6 19. Nxd7 Qxd7 20. Qd3 g6 21. Ke2
Nd8 22. Rgc1 Rxc1 23. Bxc1 Rh3 24. Bd2 Ne6 25. Rc1 b5 26. a4 g5 27. Qxb5 Qxb5+
28. axb5 g4 29. Ng5 Nxd4+ 30. Kf1 Rxh2 31. Rc8+ Ke7 32. Be3 Rh1+ 33. Kg2 Rd1
34. Rc7+ Kd8 35. Rxf7 Be7 36. Bxd4 Bxg5 37. Rxf5 Rxd4 38. Rxg5 Rxb4 39. Kg3 Re4
40. e6 d4 41. f3 gxf3 42. Kxf3 Rxe6 43. Rd5+ Kc7 44. Rxd4 Re5 45. Ra4 Kb6 46.
Ra6+ Kb7 47. Ra5 1/2-1/2